00853nam a2200241Ia 450000500170000000800410001702000150005804000720007304100080014506000110015310000260016424501110019026000500030130000180035149000300036960000460039965000230044565000170046865000310048565000240051670000190054076500520055920250912132602.0130821s1996 sp gr spa  a8472239624 aCo-BoUCMbspacDavid Moreno (modificó)dDavid Moreno (modificó)00aspa aWM 1401 aJamison, Kay Redfield10aUna mente inquieta testimonio sobre afectos y locuracKay Redfield Jamison; traducción de Manuel Talens aBarcelona (España)bTusquets Editoresc1996 a222 páginas aColección Andanzasv267 aJamison, Kay RedfieldvRelatos personales04aDepresión mental04aPsicología04aPsicosis maniaco-depresiva04aTrastornos mentales1 aTalens, Manuel10aAn unquiet mindba memoir of moods and madness.